Televisión: comunicación global y regionalización (Registro nro. 197319)
[ vista simple ]
| 001 - NÚMERO DE CONTROL | |
|---|---|
| campo de control | 664861 |
| 005 - FECHA Y HORA DE LA ÚLTIMA TRANSACCIÓN | |
| campo de control | 20260506090455.0 |
| 008 - DATOS DE LONGITUD FIJA--INFORMACIÓN GENERAL | |
| campo de control de longitud fija | 010517e20000202 spa |
| 020 ## - NÚMERO INTERNACIONAL ESTÁNDAR DEL LIBRO | |
| Número Internacional Estándar del Libro | 8474327857 |
| 035 ## - NÚMERO DE CONTROL DEL SISTEMA | |
| Número de control de sistema | 664861 |
| 035 ## - NÚMERO DE CONTROL DEL SISTEMA | |
| Número de control de sistema | (OCoLC)777795111 |
| 040 ## - FUENTE DE LA CATALOGACIÓN | |
| Centro/agencia transcriptor | comduadb |
| 041 ## - CÓDIGO DE LENGUA | |
| Código de lengua del texto/banda sonora o título independiente | spa |
| 082 #4 - NÚMERO DE LA CLASIFICACIÓN DECIMAL DEWEY | |
| Número de clasificación | 302 |
| 100 10 - ENTRADA PRINCIPAL--NOMBRE DE PERSONA | |
| Nombre de persona | Sinclair, John |
| Código de función | aut |
| Término indicativo de función/relación | Autor/a |
| 9 (RLIN) | 326823 |
| 245 10 - MENCIÓN DE TÍTULO | |
| Título | Televisión: comunicación global y regionalización |
| 260 ## - PUBLICACIÓN, DISTRIBUCIÓN, ETC. | |
| Lugar de publicación, distribución, etc. | Barcelona : |
| Nombre del editor, distribuidor, etc. | Editorial Gedisa, |
| Fecha de publicación, distribución, etc. | 2000. |
| 300 ## - DESCRIPCIÓN FÍSICA | |
| Extensión | 158 páginas. |
| 490 0# - MENCIÓN DE SERIE | |
| Mención de serie | Estudios de Television ; |
| Designación de volumen o secuencia | 8 |
| 505 ## - NOTA DE CONTENIDO CON FORMATO | |
| Nota de contenido con formato | CONTENIDO : Presentación. -- I: Televisión y comunicación en la época de la globalización: la respuesta de la teoría de un mundo cambiante. -- II: Cómo fue "The media are American". -- El desarrollo de los medios en el "primer mundo". -- III: El desarrollo de los medios en el "tercer mundo": televisión, "dependencia" e "imperialismo de los medios". -- IV: El debate sobre el NOMIC, el papel de la UNESCO y el caso de la industria de las noticias internacionales en la televisión. -- V: La teoría de la globalización: El concepto y la crítica. -- El papel destacado de la televisión y la comunicación social. -- VI: ¿La lucha continúa? Los conceptos críticos en la época del satélite. -- El debate sobre el "Imperialismo cultural" sigue en la era de globalización. -- VII: La amenaza a las "culturas nacionales" y a la identidad en la época de la globalización. -- La defensa de lo indefendible. -- VIII: El espacio y el tiempo en la era de la globalización: nuevas estructuras de la producción en las industrias culturales. -- IX: Los nuevos conceptos de la cultura: culturas híbridas, poscoloniales y viajes. -- Los flujos de la gente y de la televisión. -- X: Las "regiones geolingüísticas" cómo mercados globales: la industria de la televisión en el mundo iberoamericano desde una perspectiva global. -- XI: Cultura y comercio: la televisión, los Estados-nación y sus culturas en un mundo de libre comercio. -- Bibliografía. |
| 650 ## - PUNTO DE ACCESO ADICIONAL DE MATERIA--TÉRMINO DE MATERIA | |
| Término de materia o nombre geográfico como elemento de entrada | Televisión |
| 9 (RLIN) | 1607 |
| 650 ## - PUNTO DE ACCESO ADICIONAL DE MATERIA--TÉRMINO DE MATERIA | |
| Término de materia o nombre geográfico como elemento de entrada | Televisión y política |
| 9 (RLIN) | 28339 |
| 650 #7 - PUNTO DE ACCESO ADICIONAL DE MATERIA--TÉRMINO DE MATERIA | |
| Término de materia o nombre geográfico como elemento de entrada | Medios de comunicación de masas |
| Fuente del encabezamiento o término | lemb |
| 9 (RLIN) | 4657 |
| 650 #7 - PUNTO DE ACCESO ADICIONAL DE MATERIA--TÉRMINO DE MATERIA | |
| Término de materia o nombre geográfico como elemento de entrada | Globalización |
| Fuente del encabezamiento o término | lemb |
| 9 (RLIN) | 15458 |
| 650 ## - PUNTO DE ACCESO ADICIONAL DE MATERIA--TÉRMINO DE MATERIA | |
| Término de materia o nombre geográfico como elemento de entrada | Comunicación social |
| 9 (RLIN) | 2306 |
| 650 ## - PUNTO DE ACCESO ADICIONAL DE MATERIA--TÉRMINO DE MATERIA | |
| Término de materia o nombre geográfico como elemento de entrada | Televisión educativa |
| 9 (RLIN) | 52158 |
| 650 ## - PUNTO DE ACCESO ADICIONAL DE MATERIA--TÉRMINO DE MATERIA | |
| Término de materia o nombre geográfico como elemento de entrada | Televisión - Aspectos sociales |
| 9 (RLIN) | 6880 |
| 942 ## - ELEMENTOS DE ENTRADA AGREGADA (KOHA) | |
| Tipo de ítem Koha | Libros |
| Estado de retiro | Estado de pérdida | Estado dañado | No para préstamo | Código de colección | Localización permanente | Ubicación/localización actual | Fecha de adquisición | Fuente de adquisición | Coste, precio normal de compra | Número de inventario | Total de préstamos | Signatura topográfica completa | Código de barras | Fecha visto por última vez | Número de copia | Precio válido a partir de | Tipo de ítem Koha |
|---|---|---|---|---|---|---|---|---|---|---|---|---|---|---|---|---|---|
| Colección General Piso 2 | Biblioteca Carlos Gaviria Díaz, Campus Medellín | Biblioteca Carlos Gaviria Díaz, Campus Medellín | 23/04/2023 | Libreria Simsalabim | 32000.00 | C682052 | 302.2345 S616 | 61000003575269 | 23/04/2023 | 1 | 23/04/2023 | Libros | |||||
| Colección General Piso 2 | Biblioteca Carlos Gaviria Díaz, Campus Medellín | Biblioteca Carlos Gaviria Díaz, Campus Medellín | 30/10/2004 | Fragua | 40000.00 | C845442 | 302.2345 S616 e2 | 0543181 | 23/04/2023 | 2 | 23/04/2023 | Libros |